000 00556nam a2200229Ia 4500
003 OSt
005 20220924132501.0
006 a|||||r|||| 00| 0
007 ta
008 220923b |||||||| |||| 00| 0 san d
024 _a58078
037 _cTextual
040 _aARTS
_cARTS
_bsan
041 _2san
_asan
082 _aQ1:24x, 15J3;1
100 _aAurobindo ed
_9204336
245 0 _aEight Upanisadas
260 _c1953
650 _aRELIGION
942 _hQ1:24x, 15J3;1
_cTEXL
_2CC
999 _c430360
_d430360